| 000 | 004730000a22001690004500 | ||
|---|---|---|---|
| 020 | _a84-7884-249-7 | ||
| 041 | 0 | _aSPA | |
| 082 | 0 | 4 | _aG 370 B5167m |
| 245 | 1 | 0 | _aMediación intercultural : Una propuesta para la formación / Kira Bermúdez Anderson...[et. al.] |
| 260 | _aMadrid, España : Popular | ||
| 300 | _a239 Pag | ||
| 001 | 9821 | ||
| 942 | _cBK | ||
| 999 |
_c39670 _d39670 |
||
| 336 |
_atexto _btxt _2rdacontent |
||
| 337 |
_2rdamedia _asin mediación _bn |
||
| 338 |
_2rdacarrier _avolumen _bnc |
||